| 000 | 00000nam##2200000za#4500 |
| 001 | 9.567719 |
| 003 | CaOODSP |
| 005 | 20210624180919 |
| 007 | cr ||||||||||| |
| 008 | 150406|1999||||xxc|||||o f|0| 0 eng|d |
| 040 | |aCaOODSP|beng |
| 043 | |an-cn--- |
| 086 | 1 |aBT31-2/2000-III-23E-PDF |
| 110 | 1 |aCanada. |bTreasury Board. |
| 245 | 10|aRegistry of the Federal Court of Canada, 1999-2000 estimates, a report on plans and priorities |h[electronic resource] |
| 260 | |bTreasury Board of Canada Secretariat |c[1999]. |
| 300 | |a28p.|borganization chart, tables, index |
| 490 | 1 |a1999-2000 estimates. Part III, Report on plans and priorities |v1999-2000 |
| 590 | |a10-08-Supp|b2010-10-06 |
| 775 | 08|tGreffe de la Cour fédérale du Canada, budget des dépenses 1999-2000, rapport sur les plans et les priorités |w(CaOODSP)9.599048 |
| 776 | 0#|tGreffe de la Cour fédérale du Canada |w(CaOODSP)9.531621 |
| 776 | 0#|tRegistry of the Federal Court of Canada |w(CaOODSP)9.531620 |
| 830 | #0|a1999-2000 estimates. Part III, Report on plans and priorities ;|v1999-2000|w(CaOODSP)9.505715 |
| 856 | 40|ahttp://publications.gc.ca|qPDF|s152 KB|uhttps://publications.gc.ca/collections/Collection/BT31-2-2000-III-23E.pdf|y1999-2000 |